CLINICAL METHODS IN MEDICINE (Record no. 16913)

MARC details
000 -LEADER
fixed length control field 00385nam a22001697a 4500
003 - CONTROL NUMBER IDENTIFIER
control field SGT
020 ## - INTERNATIONAL STANDARD BOOK NUMBER
International Standard Book Number 970-93-5025-039-6
082 ## - DEWEY DECIMAL CLASSIFICATION NUMBER
Classification number 616.75
Item number C15C
100 ## - MAIN ENTRY--PERSONAL NAME
Personal name CHUGH,SN
245 ## - TITLE STATEMENT
Title CLINICAL METHODS IN MEDICINE
250 ## - EDITION STATEMENT
Edition statement 2ND
260 ## - PUBLICATION, DISTRIBUTION, ETC. (IMPRINT)
Place of publication, distribution, etc NEW DELHI
Name of publisher, distributor, etc JAYPEE PUB
Year of Publication 2015
300 ## - PAGE DESCRIPTION
No. of Pages 564
650 ## - SUBJECT ADDED ENTRY--TOPICAL TERM
Topical term or geographic name as entry element AYURVEDA
653 ## - KEYWORDS--INDEX TERM
Keyword term CLINICAL,METHODS, MEDICINE
942 ## - ADDED ENTRY ELEMENTS (KOHA)
Source of classification or shelving scheme Dewey Decimal Classification
Koha item type Books
942 ## - ADDED ENTRY ELEMENTS (KOHA)
-- 17
Holdings
Withdrawn status Lost status Source of classification or shelving scheme Damaged status Not for loan Collection code Home library Current library Shelving location Date acquired Vendor Name Cost, normal purchase price SGTU Bill Number Total Checkouts Full call number Accession No. (Barcode) Checked out Date last seen Date last borrowed Bill Date Koha item type Use restrictions
    Dewey Decimal Classification     AYURVEDA SGT FA-FP Library SGT FA-FP Library Text Book 18/02/2019 AHUJA PUB 850.00 SGTU 10644 9 616.75 C15C FA10051 09/06/2026 26/05/2026 26/05/2026 07/02/2019 Books  
    Dewey Decimal Classification     AYURVEDA SGT FA-FP Library SGT FA-FP Library Reference Book 18/02/2019 AHUJA PUB 850.00 SGTU 10644   616.75 C15C FA10052   18/02/2019   07/02/2019 Books Restricted Access
    Dewey Decimal Classification     AYURVEDA SGT FA-FP Library SGT FA-FP Library Text Book 18/02/2019 AHUJA PUB 850.00 SGTU 10644 21 616.75 C15C FA10053   25/12/2025 15/12/2025 07/02/2019 Books  
    Dewey Decimal Classification     AYURVEDA SGT FA-FP Library SGT FA-FP Library Reference Book 18/02/2019 AHUJA PUB 850.00 SGTU 10644 3 616.75 C15C FA10054   02/03/2021 08/02/2021 07/02/2019 Books Restricted Access
    Dewey Decimal Classification     AYURVEDA SGT FA-FP Library SGT FA-FP Library Text Book 18/02/2019 AHUJA PUB 850.00 SGTU 10644 12 616.75 C15C FA10055   10/06/2025 10/06/2025 07/02/2019 Books